<?xml version="1.0" encoding="UTF-8"?>
<collection xmlns="http://www.loc.gov/MARC21/slim">
 <record>
  <leader>01067nam a2200265 a 4500</leader>
  <controlfield tag="001">31995</controlfield>
  <controlfield tag="003">BD-DhAAL</controlfield>
  <controlfield tag="005">20171109120146.0</controlfield>
  <controlfield tag="008">171105s2017    bg ||||||b||| 000 0 ben d</controlfield>
  <datafield tag="999" ind1=" " ind2=" ">
   <subfield code="c">38521</subfield>
   <subfield code="d">38521</subfield>
  </datafield>
  <datafield tag="020" ind1=" " ind2=" ">
   <subfield code="a">9789849240457</subfield>
  </datafield>
  <datafield tag="040" ind1=" " ind2=" ">
   <subfield code="a">BD-DhAAL</subfield>
  </datafield>
  <datafield tag="041" ind1=" " ind2=" ">
   <subfield code="a">BEN</subfield>
  </datafield>
  <datafield tag="082" ind1=" " ind2=" ">
   <subfield code="a">327.2092 </subfield>
  </datafield>
  <datafield tag="100" ind1=" " ind2=" ">
   <subfield code="a">চৌধুরী, ফারুক</subfield>
   <subfield code="9">23439</subfield>
  </datafield>
  <datafield tag="245" ind1=" " ind2=" ">
   <subfield code="a">অনাবিল মুখচ্ছবি / </subfield>
   <subfield code="c">ফারুক চৌধুরী</subfield>
  </datafield>
  <datafield tag="250" ind1=" " ind2=" ">
   <subfield code="a">প্রথম প্রকাশ</subfield>
  </datafield>
  <datafield tag="260" ind1=" " ind2=" ">
   <subfield code="a">ঢাকা :</subfield>
   <subfield code="b">প্রথমা,</subfield>
   <subfield code="c">২০১৭</subfield>
  </datafield>
  <datafield tag="300" ind1=" " ind2=" ">
   <subfield code="a">১৭৫ পৃষ্ঠা ;</subfield>
   <subfield code="c">২২ সে. মি.</subfield>
  </datafield>
  <datafield tag="526" ind1=" " ind2=" ">
   <subfield code="a">AAL</subfield>
  </datafield>
  <datafield tag="541" ind1=" " ind2=" ">
   <subfield code="e">31995</subfield>
   <subfield code="a">Complementary copy from Faruque Chowdhury</subfield>
  </datafield>
  <datafield tag="650" ind1=" " ind2=" ">
   <subfield code="a">Diplomats</subfield>
   <subfield code="x">Biography</subfield>
   <subfield code="z">Bangladesh</subfield>
   <subfield code="9">23440</subfield>
  </datafield>
  <datafield tag="650" ind1=" " ind2=" ">
   <subfield code="a"> Politics and government </subfield>
   <subfield code="z"> Bangladesh</subfield>
   <subfield code="9">23442</subfield>
  </datafield>
  <datafield tag="942" ind1=" " ind2=" ">
   <subfield code="2">ddc</subfield>
   <subfield code="c">BK</subfield>
  </datafield>
  <datafield tag="952" ind1=" " ind2=" ">
   <subfield code="0">0</subfield>
   <subfield code="1">0</subfield>
   <subfield code="2">ddc</subfield>
   <subfield code="4">0</subfield>
   <subfield code="6">327_209200000000000_CHO</subfield>
   <subfield code="7">0</subfield>
   <subfield code="9">61761</subfield>
   <subfield code="a">BRACUL</subfield>
   <subfield code="b">BRACUL</subfield>
   <subfield code="c">GEN</subfield>
   <subfield code="d">2017-11-05</subfield>
   <subfield code="e">Complementary copy from Faruque Chowdhury</subfield>
   <subfield code="g">350.00</subfield>
   <subfield code="l">0</subfield>
   <subfield code="o">327.2092  CHO</subfield>
   <subfield code="p">3010031995</subfield>
   <subfield code="r">2017-11-05</subfield>
   <subfield code="t">1</subfield>
   <subfield code="v">350.00</subfield>
   <subfield code="w">2017-11-05</subfield>
   <subfield code="y">BK</subfield>
  </datafield>
 </record>
</collection>
